000
00315nam a2200097 a 4500
005
20201002034249.0
008
130904s1998 000 spa d
245
0
_a
Estadísticas e indicadores de educación 1996-1997.
260
_a
Santo Domingo-- Oficina de Planificación educativa,
_c
1998-- 121 p.
999
_c
40118
_d
40118
040
_a
DO-SdBNP